| 000 | 00595nam a22001817a 4500 | ||
|---|---|---|---|
| 999 |
_c61842 _d61842 |
||
| 005 | 20240524162613.0 | ||
| 008 | 240524s2007 enk||||| |||| 00| 0 eng d | ||
| 020 | _a9781416024507x | ||
| 041 | _aeng | ||
| 080 | _a616-053.2 N-38 | ||
| 245 |
_aNelson Textbook of Pediatrics / _cEditor by Kliegman, Robert M.; Behrman, Richard E.; Jenson, Hal B.; Stanton, Bonita F. |
||
| 250 | _a18th edition | ||
| 264 |
_aPhiladelphia : _bSaunders, _c2007. |
||
| 300 |
_a3147 p.: _bill.; _c29 cm. |
||
| 653 | _aპედიატრია | ||
| 653 | _aმედიცინა | ||
| 942 |
_2udc _cᲬᲘᲒᲜᲘ |
||